Anne of green gables / (Record no. 49497)
| 000 -LEADER | |
|---|---|
| fixed length control field | 00329nam a2200121 4500 |
| 020 ## - INTERNATIONAL STANDARD BOOK NUMBER | |
| International Standard Book Number | 9781774022177 |
| 100 ## - MAIN ENTRY--PERSONAL NAME | |
| Personal name | Montgomery, L.M. |
| 9 (RLIN) | 14549 |
| 245 ## - TITLE STATEMENT | |
| Title | Anne of green gables / |
| Statement of responsibility, etc | L.M. Montgomery |
| 260 ## - PUBLICATION, DISTRIBUTION, ETC. (IMPRINT) | |
| Place of publication, distribution, etc | China |
| Name of publisher, distributor, etc | Paper Mill Press |
| Date of publication, distribution, etc | 2022 |
| 300 ## - PHYSICAL DESCRIPTION | |
| Extent | 324 p. |
| Other physical details | ill. |
| Dimensions | 21 cm. |
| 650 ## - SUBJECT ADDED ENTRY--TOPICAL TERM | |
| Topical term or geographic name as entry element | junior Fiction |
| 9 (RLIN) | 78835 |
| 942 ## - ADDED ENTRY ELEMENTS (KOHA) | |
| Source of classification or shelving scheme | |
| Koha item type | Book |
| Withdrawn status | Lost status | Source of classification or shelving scheme | Damaged status | Not for loan | Home library | Current library | Shelving location | Date acquired | Total Checkouts | Full call number | Barcode | Date last seen | Price effective from | Koha item type |
|---|---|---|---|---|---|---|---|---|---|---|---|---|---|---|
| Asian Hope Primary Library | Asian Hope Primary Library | Junior Fiction | 09/03/2025 | J FIC MON | 208876 | 09/03/2025 | 09/03/2025 | Book |